ბათუმის შოთა რუსთაველის სახელმწიფო უნივერსიტეტის ბიბლიოთეკა

Lebesgue and Sobolev spaces with variable exponents / (ბიბ.ჩანაწერი № 57449)

000 -LEADER
fixed length control field 01399cam a22003737a 4500
001 - CONTROL NUMBER
control field 16696759
005 - DATE AND TIME OF LATEST TRANSACTION
control field 20200623124117.0
008 - FIXED-LENGTH DATA ELEMENTS--GENERAL INFORMATION
fixed length control field 110318s2011 gw a b 001 0 eng d
010 ## - LIBRARY OF CONGRESS CONTROL NUMBER
LC control number 2011925547
016 7# - NATIONAL BIBLIOGRAPHIC AGENCY CONTROL NUMBER
Record control number 015800942
Source Uk
020 ## - INTERNATIONAL STANDARD BOOK NUMBER
International Standard Book Number 9783642183621 (pbk.)
020 ## - INTERNATIONAL STANDARD BOOK NUMBER
International Standard Book Number 364218362X (pbk.)
035 ## - SYSTEM CONTROL NUMBER
System control number (OCoLC)ocn720430708
040 ## - CATALOGING SOURCE
Original cataloging agency GZQ
Transcribing agency GZQ
Modifying agency OHX
-- UMS
-- IXA
-- YDXCP
-- MUU
-- RRR
-- UKMGB
-- DLC
041 ## - LANGUAGE CODE
Language code of text/sound track or separate title eng
042 ## - AUTHENTICATION CODE
Authentication code lccopycat
050 00 - LIBRARY OF CONGRESS CALL NUMBER
Classification number QA323
Item number .L43 2011
080 ## - UNIVERSAL DECIMAL CLASSIFICATION NUMBER
Universal Decimal Classification number 517.5 L-44
245 00 - TITLE STATEMENT
Title Lebesgue and Sobolev spaces with variable exponents /
Statement of responsibility, etc. Lars Diening ... [et al.].
260 ## - PUBLICATION, DISTRIBUTION, ETC.
Place of publication, distribution, etc. Heidelberg ;
-- New York :
Name of publisher, distributor, etc. Springer,
Date of publication, distribution, etc. c2011.
300 ## - PHYSICAL DESCRIPTION
Extent ix, 509 p. :
Other physical details ill. ;
Dimensions 23 cm.
490 1# - SERIES STATEMENT
Series statement Lecture notes in mathematics ;
Volume/sequential designation 2017
504 ## - BIBLIOGRAPHY, ETC. NOTE
Bibliography, etc. note Includes bibliographical references (p. 483-499) and index.
505 0# - FORMATTED CONTENTS NOTE
Formatted contents note pt. 1. Lebesgue spaces -- pt. 2. Sobolev spaces -- pt. 3. Applications to partial differential equations.
650 #0 - SUBJECT ADDED ENTRY--TOPICAL TERM
Topical term or geographic name entry element Function spaces.
9 (RLIN) 8666
650 #0 - SUBJECT ADDED ENTRY--TOPICAL TERM
Topical term or geographic name entry element Sobolev spaces.
9 (RLIN) 8676
653 ## - INDEX TERM--UNCONTROLLED
keyword მათემატიკა
700 1# - ADDED ENTRY--PERSONAL NAME
Personal name Diening, Lars.
9 (RLIN) 8677
830 #0 - SERIES ADDED ENTRY--UNIFORM TITLE
Uniform title Lecture notes in mathematics (Springer-Verlag) ;
Volume/sequential designation 2017.
9 (RLIN) 8678
906 ## - LOCAL DATA ELEMENT F, LDF (RLIN)
a 7
b cbc
c copycat
d 2
e ncip
f 20
g y-gencatlg
942 ## - ADDED ENTRY ELEMENTS (KOHA)
Source of classification or shelving scheme
Koha item type წიგნი
ეგზემპლარები
Withdrawn status Lost status Source of classification or shelving scheme Damaged status Not for loan Permanent Location Current Location Shelving location Date acquired Cost, normal purchase price Full call number Barcode Date last seen Copy number Price effective from Koha item type Public note
          ბათუმის შოთა რუსთაველის სახელმწიფო უნივერსიტეტის მთავარი ბიბლიოთეკა ბათუმის შოთა რუსთაველის სახელმწიფო უნივერსიტეტის მთავარი ბიბლიოთეკა წიგნსაცავი 2020-06-23 248.00 517.5 L-44 60648 2020-06-23 60648 2020-06-23 წიგნი 248 ლ.